Firemný automobil a daň z príjmov

Režim používania firemného automobilu. Firemný automobil používaný na služobné a súkromné účely. Firemný automobil prenajatý zamestnancovi. Daňový režim uvedených kategórií automobilov podľa zákona o dani z príjmov.

Salvato in:
Dettagli Bibliografici
Autore principale: Fekete, Imrich
Natura: Capitolo di libro
Lingua:slovacco
Soggetti:
Tags: Aggiungi Tag
Nessun Tag, puoi essere il primo ad aggiungerne!!

MARC

LEADER 00000naa a2200000 4500
001 r035299
005 20230926081330.1
041 0 |a slo 
044 |a SK 
245 1 0 |a Firemný automobil a daň z príjmov  |c Imrich Fekete 
520 |a Režim používania firemného automobilu. Firemný automobil používaný na služobné a súkromné účely. Firemný automobil prenajatý zamestnancovi. Daňový režim uvedených kategórií automobilov podľa zákona o dani z príjmov. 
610 2 0 |a podnikatelia 
610 2 0 |a zamestnávatelia 
610 2 0 |a automobily 
610 2 0 |a prenájom 
610 2 0 |a dane z príjmov 
610 2 0 |a odpisy 
610 2 0 |a cesty pracovné 
610 2 0 |a zdaňovanie 
100 1 |a Fekete, Imrich